Книга II; Последний фаворит

التفاصيل البيبلوغرافية
Parent link:Последний фаворит: [роман]/ Л. Жданов. Кн. II.— Репр. изд..— , 1990
الملخص:На обложке: Лев Жданов. Забытая книга
اللغة:الروسية
منشور في: 1990
الموضوعات:
التنسيق: كتاب
KOHA link:https://koha.lib.tpu.ru/cgi-bin/koha/opac-detail.pl?biblionumber=160695

MARC

LEADER 00000nam2a2200000 4500
001 160695
005 20231101222215.0
035 |a (RuTPU)RU\TPU\book\174278 
035 |a RU\TPU\book\174268 
090 |a 160695 
100 |a 20090527e1990 m y0rusy50 ca 
101 0 |a rus 
102 |a RU 
105 |a c z 000ad 
200 0 |a Книга II 
210 |d 1990 
215 |a 238 с.  |c ил.  |d 21 см. 
300 |a На обложке: Лев Жданов. Забытая книга 
461 1 |0 (RuTPU)RU\TPU\book\174225  |t Последний фаворит  |o [роман]  |o в 2 кн.  |f Л. Жданов  |v Кн. II  |e Репр. изд.  |d 1990  |s Забытая книга 
600 0 |a Екатерина Великая  |d II  |f 1729-1796  |c российская императрица (1762-1796)  |c урожденная принцесса Софья Фредерика Августа Ангальт-Цербстская  |2 stltpush  |3 (RuTPU)RU\TPU\pers\98 
600 1 |a Зубов  |b П. А.  |c светлейший князь  |c государственный деятель  |c фаворит Екатерины II  |f 1767-1822  |g Платон Александрович  |2 stltpush  |3 (RuTPU)RU\TPU\pers\16533  |9 5897 
610 1 |a Россия 
610 1 |a история 
610 1 |a 18 век 
610 1 |a исторические романы 
610 1 |a книгоиздательство "Прометей" 
686 |a Т3(2)46-8  |v LBC/SL-A  |2 rubbk 
686 |a Ч611.68  |v LBC/SL-A  |2 rubbk 
801 1 |a RU  |b 63413507  |c 20090526  |g PSBO 
801 2 |a RU  |b 63413507  |c 20090527  |g PSBO 
942 |c BK